[Event "18th Hampstead U2200 Congress"]
[Site "London, England"]
[Date "2014.06.22"]
[Round "4"]
[White "Yiamakis, Albert"]
[Black "Barasi, Paul"]
[Result "1/2-1/2"]
[WhiteElo "1767"]
[BlackElo "1867"]

1. b3 e5 2. Bb2 Nc6 3. e3 Nf6 4. Bb5 Bd6 5. Na3 a6 6. Bxc6 dxc6 7. Nc4 O-O 8.
Nxe5 Re8 9. Ngf3 Ne4 10. O-O f6 11. Nc4 Bf8 12. d3 Nd6 13. Ncd2 Nf7 14. h3 Qd5
15. e4 Qh5 16. Nd4 Qg6 17. Kh1 c5 18. Ne2 Qh6 19. f4 a5 20. Qe1 Ra6 21. Nf3
Bd6 22. Qh4 Qxh4 23. Nxh4 a4 24. Nf3 b5 25. bxa4 bxa4 26. Rab1 a3 27. Ba1 c4
28. Nfd4 c6 29. Bc3 h6 30. Bd2 Bc5 31. Be3 Ba7 32. Bg1 Nd6 33. Nc3 Bd7 34. Rb4
c5 35. Rbb1 cxd4 36. Nd5 Rc6 37. Rfe1 Bc8 38. Rb4 cxd3 39. cxd3 Ba6 40. Ra4
Bb8 41. Rxa3 Bb7 42. Rb1 Rc5 43. Nb6 Nb5 44. Rab3 Nc3 45. Bxd4 Nxb1 46. Bxc5
Nd2 47. Rb2 Bxf4 48. g3 Nxe4 49. dxe4 Rxe4 50. Kh2 Be5 51. Rd2 Bc3 52. Rd7
Re2+ 53. Kg1 Bc6 54. Rd6 Bf3 55. Rd3 Rg2+ 56. Kf1 Be2+ 57. Kxg2 Bxd3 58. Kf2
{#d} 1/2-1/2

[Event "18th Hampstead U2200 Congress"]
[Site "London, England"]
[Date "2014.06.22"]
[Round "4"]
[White "Millward, David J"]
[Black "Ngulube, Michael"]
[Result "1/2-1/2"]
[WhiteElo "1866"]
[BlackElo "1690"]

1. e4 e5 2. Nf3 Nc6 3. Bb5 a6 4. Ba4 Nf6 5. O-O Be7 6. Re1 b5 7. Bb3 d6 8. c3
O-O 9. h3 Na5 10. Bc2 c5 11. d4 Qc7 12. Nbd2 Bd7 13. Nf1 cxd4 14. cxd4 Rfc8
15. Bd3 Nc6 16. dxe5 dxe5 17. a3 h6 18. Be3 Be6 19. Rc1 Qb8 20. Qe2 Nd7 21.
Rc2 Bb3 22. Rc3 Na5 23. Rxc8+ Qxc8 24. Rc1 Qb7 25. N1d2 Rc8 26. Nxb3 Nxb3 27.
Rxc8+ Qxc8 28. Qc2 Qxc2 29. Bxc2 Na5 30. Kf1 Nc4 31. Bc1 Kf8 32. Bd3 Na5 33.
Ke2 f6 34. Be3 Nb3 35. Bc2 Na5 36. Nd2 g5 37. b4 Nc6 38. Bb3 a5 39. Bd5 Ndb8
40. bxa5 Nxa5 41. Bb6 Nbc6 42. Nb1 Nd4+ 43. Kd3 Nac6 44. Nc3 b4 45. axb4 Nxb4+
46. Kd2 Nbc6 47. Bxc6 Nxc6 48. Nd5 Kf7 49. Ke3 Ba3 50. Kd3 Kg6 51. Ne3 h5 52.
Nc4 Bb4 53. Ne3 Be1 54. Nc2 Ba5 55. Bxa5 Nxa5 56. Ne3 Nb3 57. Nd5 g4 58. hxg4
hxg4 59. Ke3 Nd4 60. Kd3 Kg5 61. Ke3 Ne6 62. g3 Nd4 63. Kd3 Nf3 64. Ke3 Ne1
65. Ke2 Nc2 66. Kd3 Nd4 67. Ke3 f5 68. exf5 Kxf5 69. Nc3 Nc2+ 70. Kd2 Nb4 71.
Ke3 Nc2+ 72. Kd2 Nd4 73. Ke3 Nf3 74. Kd3 Ng5 75. Ke3 Nh3 76. Ne4 Ng1 {#d}
1/2-1/2

[Event "18th Hampstead U2200 Congress"]
[Site "London, England"]
[Date "2014.06.22"]
[Round "4"]
[White "Sagues, Vincent"]
[Black "Horlock, Peter"]
[Result "1-0"]
[WhiteElo "1896"]
[BlackElo "1638"]

1. e4 e5 2. Nf3 Nc6 3. Bb5 a6 4. Ba4 Nf6 5. d3 Be7 6. O-O O-O 7. Re1 d6 8. c3
h6 9. Nbd2 Nh7 10. Nf1 f5 11. exf5 Bxf5 12. h3 Bg6 13. Ng3 Kh8 14. d4 exd4 15.
Bxc6 bxc6 16. Nxd4 Qd7 17. Nxc6 Qxc6 18. Rxe7 Nf6 19. Re2 d5 20. Be3 Rae8 21.
Bd4 Ne4 22. Nxe4 dxe4 23. Qd2 Bh5 24. Re3 Bf3 25. Kh2 Qd6+ 26. g3 Qg6 27. Qe1
Rf5 28. b4 Rh5 29. Qf1 Bg4 30. h4 Bf3 31. Qh3 Bg4 32. Qg2 Qf5 33. Rae1 Qf7 34.
Rxe4 Rxe4 35. Qxe4 Qxf2+ {#r} 1-0

[Event "18th Hampstead U2200 Congress"]
[Site "London, England"]
[Date "2014.06.22"]
[Round "4"]
[White "Pein, Jonathan"]
[Black "Samadov, Samir"]
[Result "1-0"]
[WhiteElo "1788"]
[BlackElo "1648"]

1. b3 e5 2. Bb2 Nc6 3. e3 d5 4. Bb5 Bd6 5. f4 Qe7 6. Nf3 f6 7. fxe5 fxe5 8.
Bxc6+ bxc6 9. Nxe5 Qh4+ 10. g3 Qe4 11. Qf3 Qxf3 12. Nxf3 Nf6 13. O-O O-O 14.
Kg2 Ne4 15. Nc3 Ba6 16. d3 Nf6 17. Rfe1 Rae8 18. Nd2 Ng4 19. Nd1 Bb4 20. c3
Bd6 21. d4 Bd3 22. h3 Nf6 23. Nf2 Be4+ 24. Ndxe4 Nxe4 25. Nxe4 Rxe4 26. b4
Rfe8 27. Bc1 R8e6 28. Rf1 Be7 29. Rf3 Bd6 30. Bd2 Re8 31. Kf2 R8e6 32. Ke2 Rh6
33. Rh1 Rg6 34. Be1 Rge6 35. Kd3 Re8 36. g4 Ra8 37. c4 Re6 38. c5 Be7 39. a4
Bf6 40. Bg3 Re7 41. Rb1 a6 42. Bf4 Rf7 43. Rbf1 Bd8 44. Bg3 Rxf3 45. Rxf3 a5
46. b5 cxb5 47. axb5 a4 48. Kc3 a3 49. Rf1 a2 50. Ra1 Ra3+ 51. Kb4 Ra7 52. Be1
c6 53. b6 Ra6 54. Bg3 Be7 55. Bc7 Rxb6+ 56. Bxb6 Bg5 57. Rxa2 Bxe3 58. Kc3 g6
59. Re2 Bf4 60. Re6 Kf7 61. Rxc6 h5 62. Bc7 Bg5 63. Rd6 Bf4 64. Rxd5 Bxc7 65.
Rd7+ Kf6 66. Rxc7 hxg4 67. hxg4 Kg5 68. Rg7 Kf6 69. Ra7 Kg5 70. c6 Kxg4 71. c7
g5 72. c8=Q+ Kg3 73. Rg7 Kf4 74. Rxg5 Kxg5 75. Qf8 Kg6 76. d5 Kh7 77. d6 Kg6
78. Qf4 Kh5 79. Qg3 Kh6 80. d7 Kh7 81. d8=R Kh6 82. Rh8# 1-0

[Event "18th Hampstead U2200 Congress"]
[Site "London, England"]
[Date "2014.06.22"]
[Round "4"]
[White "Anilkumar, Anantha P"]
[Black "Ali, Syed Zarrar"]
[Result "1-0"]
[WhiteElo "1746"]
[BlackElo "1200"]

1. e4 c5 2. Nf3 Nc6 3. d4 cxd4 4. Nxd4 Nf6 5. Nc3 d6 6. Bc4 Qb6 7. Nb3 e6 8.
O-O a6 9. a4 Ne5 10. Be2 Be7 11. a5 Qc7 12. Be3 Nc4 13. Bxc4 Qxc4 14. Nd2 Qb4
15. Ra4 Qxb2 16. Nc4 Qxc3 17. Bd4 Bd7 18. Bxc3 Bxa4 19. Nb6 Nxe4 20. Bxg7 Rg8
21. Nxa8 Rxg7 22. Qd4 Bf6 23. Qxa4+ Kd8 24. Qxe4 {#r} 1-0

[Event "18th Hampstead U2200 Congress"]
[Site "London, England"]
[Date "2014.06.22"]
[Round "4"]
[White "Pollack, Oscar"]
[Black "Grieve, Harry"]
[Result "0-1"]
[WhiteElo "1490"]
[BlackElo "1726"]

1. Nf3 d5 2. g3 Bg4 3. Ne5 Bf5 4. Bg2 c6 5. d4 Nf6 6. c4 e6 7. Qb3 Qb6 8. c5
Qxb3 9. axb3 Na6 10. Nc3 Nb4 11. O-O Nd7 12. Nxd7 Kxd7 13. Ra4 Na6 14. e4 Bg6
15. f4 f5 16. e5 Be7 17. Bf3 Bf7 18. b4 Nc7 19. g4 g6 20. gxf5 exf5 21. Be3 b6
22. Rfa1 bxc5 23. bxc5 Rhb8 24. Rxa7 Rxa7 25. Rxa7 Rxb2 26. Ra2 Rxa2 27. Nxa2
Nb5 28. Be2 Bxc5 29. dxc5 d4 30. Bxb5 cxb5 31. Nb4 dxe3 32. Kg2 Bc4 33. Kf3 e2
34. Kf2 h6 35. h4 Ke6 36. Ke1 g5 37. fxg5 hxg5 38. h5 g4 39. Nc2 b4 40. h6 b3
41. Nd4+ Kf7 42. Nxb3 Bxb3 43. Kxe2 f4 44. Kf2 Ba4 45. e6+ Kg6 46. e7 Kxh6 47.
Ke2 Bc6 48. Kf2 g3+ 49. Kg1 f3 50. Kf1 Kg5 51. Kg1 Kg4 52. Kf1 Kh3 53. Kg1 f2+
54. Kf1 Bb5# 0-1

[Event "18th Hampstead U2200 Congress"]
[Site "London, England"]
[Date "2014.06.22"]
[Round "4"]
[White "Jamieson, Alexander"]
[Black "Crouch, Timothy J"]
[Result "1/2-1/2"]
[WhiteElo "1334"]
[BlackElo "1663"]

1. c4 Nf6 2. Nc3 e5 3. d3 d6 4. Nf3 Be7 5. g3 b6 6. Bg2 Bb7 7. O-O O-O 8. Rb1
Nbd7 9. b4 Rb8 10. a4 a6 11. b5 a5 12. Ba3 d5 13. Bxe7 Qxe7 14. cxd5 Nxd5 15.
Nxd5 Bxd5 16. Qc2 Nf6 17. Rfc1 Rbc8 18. Nh4 Bxg2 19. Kxg2 g6 20. Nf3 e4 21.
dxe4 Nxe4 22. Rd1 Nc5 23. Rbc1 Rfe8 24. e3 Qe4 25. Rd4 Qxc2 26. Rxc2 Red8 27.
Ra2 Rxd4 28. Nxd4 Rd8 29. Kf3 Rd6 30. h4 h5 31. Ke2 Kg7 32. f3 Kf6 33. f4 Rd5
34. Kf3 Rd7 35. Ke2 Rd5 {#d} 1/2-1/2

[Event "18th Hampstead U2200 Congress"]
[Site "London, England"]
[Date "2014.06.22"]
[Round "4"]
[White "Seman, Myroslav"]
[Black "Winter, Malcolm J"]
[Result "1/2-1/2"]
[WhiteElo "1826"]
[BlackElo "1526"]

1. d4 Nf6 2. Bg5 e6 3. f4 Be7 4. Nf3 d5 5. e3 Nbd7 6. Bd3 c5 7. c3 O-O 8. O-O
Ne4 9. Bxe7 Qxe7 10. Qc2 f5 11. Nbd2 c4 12. Be2 Ndf6 13. Ne5 Nxd2 14. Qxd2 Bd7
15. Bf3 b5 16. b4 a5 17. a3 Be8 18. Qe2 Ra6 19. Ra2 Nd7 20. Rfa1 Qh4 21. g3
Qe7 22. Bh5 Nxe5 23. Bxe8 Qxe8 24. dxe5 a4 25. Qd1 Ra8 26. Rg2 Qf7 27. Raa2
Qa7 28. Qd4 Qxd4 29. exd4 Ra7 30. Kf2 g6 31. Ke3 Rg7 32. g4 fxg4 33. Rxg4 Rf5
34. Rg5 Rgf7 35. Rxf5 Rxf5 36. Rg2 Kg7 37. Rg5 Rf7 38. h4 h6 39. Rg3 Rf5 40.
Kf3 h5 41. Rg5 {#d} 1/2-1/2

[Event "18th Hampstead U2200 Congress"]
[Site "London, England"]
[Date "2014.06.22"]
[Round "4"]
[White "Oliveri, Claudio"]
[Black "Brozel, Sacha"]
[Result "0-1"]
[WhiteElo "1683"]
[BlackElo "1766"]

1. e4 c5 2. Nf3 e6 3. b3 Nc6 4. Bb2 d6 5. g3 Nf6 6. Qe2 Be7 7. Bg2 O-O 8. O-O
Rb8 9. Rd1 Qc7 10. a4 b6 11. Na3 a6 12. c4 Bb7 13. Rac1 Rbd8 14. d3 Rfe8 15.
Bc3 Qb8 16. h3 Qa8 17. Nc2 Nd7 18. Ne3 Bf6 19. Bd2 Nde5 20. Ng4 Nxg4 21. hxg4
Nd4 22. Nxd4 Bxd4 23. Kh2 f5 24. Re1 Rf8 25. Bc3 Bxc3 26. Rxc3 fxg4 27. Rh1
Rf6 28. Kg1 Rg6 29. Rh4 d5 30. Rxg4 dxc4 31. bxc4 Rf6 32. Qe3 Rdf8 33. Rc2 Qe8
34. e5 R6f7 35. Rh4 Bxg2 36. Kxg2 Qxa4 37. Re2 Qc6+ 38. Re4 a5 39. f4 a4 40.
Kh3 a3 41. Qc1 Ra8 42. Ra2 Qa4 43. Ree2 Rd7 44. Qe3 Rad8 45. Qe4 Rxd3 46. Qb7
Qb3 47. Rg2 Qd1 48. Kh4 Qh1+ 49. Kg4 h5+ 50. Kg5 Rxg3+ 51. Rxg3 Qxb7 52. Raxa3
Qf7 53. Ra6 Qf5+ 54. Kh4 Qxf4+ 55. Kh3 h4 56. Rg4 Qxe5 57. Kxh4 Qh2+ {#R} 0-1

[Event "18th Hampstead U2200 Congress"]
[Site "London, England"]
[Date "2014.06.22"]
[Round "4"]
[White "Meikle-Briggs, Richard"]
[Black "Zhao, Haolin"]
[Result "0-1"]
[WhiteElo "1736"]
[BlackElo "1355"]

1. e4 c5 2. Nc3 g6 3. f4 Bg7 4. Nf3 Nc6 5. Bc4 e6 6. O-O Nge7 7. Qe1 O-O 8.
Qh4 Nd4 9. Nxd4 cxd4 10. Ne2 d5 11. exd5 Nxd5 12. Qxd8 Rxd8 13. d3 a6 14. Bd2
b5 15. Bxd5 Rxd5 16. a4 Bd7 17. axb5 Bxb5 18. Rfd1 Rc8 19. Rac1 f5 20. Kf2 Kf7
21. Be1 Bf6 22. Ng1 Bh4+ 23. g3 Bf6 24. Nf3 h5 25. h4 Rdc5 26. c4 dxc3 27. d4
R5c6 28. bxc3 Rc4 29. Bd2 R8c7 30. Re1 Rc8 {(=)} 31. Rb1 R8c7 32. Rb3 Rc8 33.
Reb1 R8c7 34. Ne5+ Bxe5 35. fxe5 Rd7 36. Rxb5 axb5 37. Rxb5 Ra4 38. Ke3 Raa7
39. Kd3 Rab7 40. Rxb7 Rxb7 41. c4 Ke7 42. c5 Kd7 43. Kc4 Kc6 44. Bb4 Rd7 45.
Bc3 Rf7 46. Bd2 Ra7 47. Bb4 Ra2 48. Be1 Re2 49. Bb4 Re3 50. Bd2 Rxg3 51. Bf4
Rg4 52. Bg5 Rxg5 53. hxg5 h4 54. d5+ exd5+ 55. Kd4 h3 56. e6 h2 57. e7 Kd7
{#R} 0-1

[Event "18th Hampstead U2200 Congress"]
[Site "London, England"]
[Date "2014.06.22"]
[Round "4"]
[White "Shallice, Tim"]
[Black "Mkpadi, Michael"]
[Result "0-1"]
[WhiteElo "1663"]
[BlackElo "1735"]

1. e4 c5 2. Nf3 d6 3. d4 cxd4 4. Nxd4 Nf6 5. Nc3 g6 6. Be2 Bg7 7. Be3 O-O 8.
O-O Bd7 9. f4 Nc6 10. g4 Qb6 11. g5 Nxe4 12. Nd5 Bxd4 13. Nxb6 Bxe3+ 14. Kg2
Bxb6 15. c3 Rad8 16. Bf3 d5 17. Qe2 Nd6 18. a4 Nf5 19. Kh1 Na5 20. b4 Nc4 21.
a5 Bc7 22. Bxd5 Nce3 23. Bxb7 Nxf1 24. Rxf1 Nd6 25. Bg2 Bb5 26. Qxe7 Bxf1 27.
Qxc7 Bxg2+ 28. Kxg2 Nb5 29. Qc5 a6 30. Qb6 Rd6 31. Qc5 Rfd8 32. c4 Rd2+ 33.
Kf3 R8d3+ 34. Kg4 Rg2+ 35. Kh4 Rxh2+ 36. Kg4 Rg2+ 37. Kh4 Nd6 {#R} 0-1

[Event "18th Hampstead U2200 Congress"]
[Site "London, England"]
[Date "2014.06.22"]
[Round "4"]
[White "Gribben, Chris"]
[Black "Carter, John"]
[Result "1/2-1/2"]
[WhiteElo "1540"]
[BlackElo "1713"]

1. e4 e5 2. Nf3 Nc6 3. Bb5 Nf6 4. Bxc6 dxc6 5. O-O Bc5 6. d3 Nd7 7. Nc3 O-O 8.
Ng5 h6 9. Nf3 f5 10. exf5 Rxf5 11. Ne4 Be7 12. Be3 Qf8 13. Qe2 b6 14. Bd2 c5
15. Ng3 Rf7 16. Nxe5 Nxe5 17. Qxe5 Bf6 18. Qe4 Rb8 19. c3 Bb7 20. Qg6 Kh8 21.
Be3 Rd8 22. Rad1 Rd6 23. Qh5 Rfd7 24. Qe2 Ba6 25. c4 Qd8 26. b3 Rxd3 27. Rxd3
Rxd3 28. Qh5 Bb7 29. Nf5 Be4 30. Ng3 Bh7 31. Re1 Bc3 32. Bd2 Bg8 33. Bxc3 Rxc3
34. Nf5 Qd2 35. Rd1 Rc1 36. Ne3 Rxd1+ 37. Qxd1 Qxa2 38. g3 a5 39. Nd5 Bxd5 40.
Qxd5 Qxb3 41. Qa8+ Kh7 42. Qe4+ Kg8 43. Qe8+ Kh7 44. Qe4+ Kg8 {#d} 1/2-1/2

[Event "18th Hampstead U2200 Congress"]
[Site "London, England"]
[Date "2014.06.22"]
[Round "4"]
[White "Hudson, Jeremy"]
[Black "Balouka Myers, Reuben"]
[Result "1-0"]
[WhiteElo "1596"]
[BlackElo "1500"]

1. e4 e6 2. d4 d5 3. exd5 exd5 4. Nf3 Nf6 5. Bd3 Bd6 6. Bg5 O-O 7. O-O Bg4 8.
Nbd2 h6 9. Bh4 Bf4 10. c3 Bxd2 11. Qxd2 Bxf3 12. gxf3 Nbd7 13. Kh1 c6 14. Rg1
Kh8 15. Rxg7 {#r} 1-0

[Event "18th Hampstead U2200 Congress"]
[Site "London, England"]
[Date "2014.06.22"]
[Round "4"]
[White "Baroukh, Leon"]
[Black "Karia, Kamlesh"]
[Result "1-0"]
[WhiteElo "1582"]
[BlackElo "1587"]

1. d4 d5 2. c4 c6 3. Nc3 Nf6 4. Bg5 Bf5 5. Qb3 Qc7 6. Bxf6 dxc4 7. Qxc4 exf6
8. e4 Bg6 9. Bd3 Bd6 10. g3 Nd7 11. Rc1 Rc8 12. Nge2 O-O 13. f4 Rfe8 14. O-O
Nb6 15. Qb3 c5 16. Nb5 Qb8 17. e5 Bf8 18. f5 Bh5 19. Nf4 cxd4 20. Rxc8 Rxc8
21. e6 Qe5 22. Nxh5 Qe3+ 23. Kg2 Qd2+ 24. Rf2 Qg5 25. exf7+ Kh8 26. Nf4 a6 27.
Nxd4 Bc5 28. Nde6 {#r} 1-0

[Event "18th Hampstead U2200 Congress"]
[Site "London, England"]
[Date "2014.06.22"]
[Round "4"]
[White "Ritchie, Paul"]
[Black "Larios, Rafael"]
[Result "0-1"]
[WhiteElo "1507"]
[BlackElo "1585"]

1. e4 c5 2. f4 d5 3. exd5 Qxd5 4. Nc3 Qd8 5. Nf3 Nc6 6. Bb5 Qb6 7. Ne5 Nf6 8.
Qf3 Bd7 9. Nd5 Nd4 10. Nxf6+ exf6 11. Bxd7+ Ke7 12. Qd3 fxe5 13. fxe5 Rd8 14.
Ba4 Rd5 15. O-O Rxe5 16. Kh1 Qe6 17. c3 Nf5 18. Bb3 Qf6 19. Bc2 g6 20. b4 Bh6
21. bxc5 Rd8 22. Qf3 Bxd2 23. Bb2 Re3 24. Qxb7+ Rd7 25. Qb5 Bxc3 26. Ba3 Bxa1
27. c6+ Rxa3 28. cxd7 Ra6 29. Re1+ Re6 30. Rd1 Bd4 31. Ba4 Qh4 32. Qc5+ Rd6
33. d8=Q+ Kxd8 34. Qa5+ Ke7 35. Re1+ Kf6 {(time)} {#R} 0-1

[Event "18th Hampstead U2200 Congress"]
[Site "London, England"]
[Date "2014.06.22"]
[Round "4"]
[White "Balouka Myers, Gabriel"]
[Black "Xu, Shilin"]
[Result "1/2-1/2"]
[WhiteElo "1583"]
[BlackElo "1200"]

1. e4 c6 2. d4 d5 3. Nc3 e6 4. Be3 Be7 5. Nf3 Bd7 6. Bd3 Qb6 7. Rb1 Bb4 8. Qd2
Nf6 9. e5 Ne4 10. Bxe4 dxe4 11. Ng5 f5 12. exf6 gxf6 13. Ngxe4 Rf8 14. d5 Qa5
15. dxe6 Bxe6 16. Nd6+ Bxd6 17. Qxd6 Qe5 18. Qxe5 fxe5 19. O-O Nd7 20. Ne4
Bxa2 21. Ra1 Bd5 22. Nd6+ Ke7 23. Nxb7 Rfb8 24. Nc5 Kd6 25. Nxd7 Kxd7 26. Rfd1
Ke6 27. b3 a6 28. Bc5 Rb5 29. Be3 Be4 30. Rd2 {#d} 1/2-1/2

[Event "18th Hampstead U2200 Congress"]
[Site "London, England"]
[Date "2014.06.22"]
[Round "4"]
[White "Sonnis, Steve"]
[Black "McGann, John"]
[Result "1-0"]
[WhiteElo "1700"]
[BlackElo "1338"]

1. e4 e5 2. Nf3 Nf6 3. d3 Nc6 4. Be2 Bc5 5. h3 d6 6. O-O Be6 7. c3 Qd7 8. Ng5
O-O-O 9. b4 Bb6 10. Na3 h6 11. Nxe6 fxe6 12. Nc4 g5 13. Nxb6+ cxb6 14. a4 Rdg8
15. Be3 g4 16. hxg4 Nxg4 17. Bxg4 Rg6 18. Bh5 Rg7 19. a5 Rhg8 20. g3 Qe7 21.
Kh2 d5 22. axb6 axb6 23. Rg1 d4 24. cxd4 Nxd4 25. Bxd4 exd4 26. Rc1+ Kb8 27.
Rc7 {Yes, Rc1-c7! The scoresheet is very clear.} Qf6 28. Rxg7 Rxg7 29. Qf3 Qe7
30. Qf4+ Kc8 31. Rc1+ Kd8 32. Qb8+ {#r} 1-0

[Event "18th Hampstead U2200 Congress"]
[Site "London, England"]
[Date "2014.06.22"]
[Round "5"]
[White "Gaudeau, Valentin"]
[Black "Ronka, Erik"]
[Result "1/2-1/2"]
[WhiteElo "1965"]
[BlackElo "2173"]

1. d4 Nf6 2. Nf3 e6 3. Bf4 d5 4. Nbd2 c5 5. c3 Nc6 6. e3 Bd6 7. Bg3 Qe7 8. Bd3
O-O 9. O-O Bxg3 10. hxg3 e5 11. dxe5 Nxe5 12. Nxe5 Qxe5 13. Re1 Bf5 {#d}
1/2-1/2

[Event "18th Hampstead U2200 Congress"]
[Site "London, England"]
[Date "2014.06.22"]
[Round "5"]
[White "Villiers, Thomas"]
[Black "Giles, Yasmin"]
[Result "1-0"]
[WhiteElo "2076"]
[BlackElo "1857"]

1. d4 d5 2. c4 c6 3. Nf3 Nf6 4. Nc3 dxc4 5. a4 Bf5 6. e3 e6 7. Bxc4 Bb4 8. O-O
Nbd7 9. Ne2 O-O 10. Bd2 a5 11. Qb3 Qe7 12. Ng3 Bg6 13. Rfe1 Ne4 14. Bxb4 Qxb4
15. Nxe4 Qxb3 16. Bxb3 Bxe4 17. Nd2 Bg6 18. Nc4 Bd3 19. Rec1 Bxc4 20. Rxc4 Nb6
21. Rc3 Rfd8 22. Kf1 Kf8 23. Ke2 Ke7 24. h4 Nd5 25. Bxd5 Rxd5 26. Rac1 Rad8
27. Rb3 R8d7 28. Rc5 Kd6 29. Rbc3 Rxc5 30. dxc5+ Ke5 31. Rc4 Rd5 32. g4 Kf6
33. f4 e5 34. e4 Rd7 35. f5 h6 36. b4 Rd4 37. Rxd4 exd4 38. bxa5 Ke5 39. Kd3
g6 40. fxg6 fxg6 41. h5 g5 42. a6 bxa6 43. a5 Kf4 44. Kxd4 Kxg4 45. Ke5 Kf3
46. Kd6 Kxe4 47. Kxc6 g4 48. Kb7 g3 49. c6 g2 50. c7 g1=Q 51. c8=Q Qb1+ 52.
Kxa6 Qd3+ 53. Ka7 Qd4+ 54. Ka8 Qf6 55. a6 Kf4 56. a7 Kg5 57. Qc5+ Kg4 58. Kb8
Qf4+ 59. Kc8 Qe4 60. Kd8 Qa8+ 61. Qc8+ {#r} 1-0

[Event "18th Hampstead U2200 Congress"]
[Site "London, England"]
[Date "2014.06.22"]
[Round "5"]
[White "Krzyzanowski, Patryk"]
[Black "Bonafont, Philip"]
[Result "0-1"]
[WhiteElo "2006"]
[BlackElo "2053"]

1. d4 d5 2. c4 dxc4 3. Nf3 Nf6 4. e3 e6 5. Bxc4 c5 6. O-O a6 7. Bb3 b5 8. a4
b4 9. Qe2 Bb7 10. Nbd2 Nbd7 11. Nc4 Be7 12. Bd2 O-O 13. Rfd1 Rc8 14. Be1 Qc7
15. Rac1 Qb8 16. Nfe5 Rfd8 17. Nxd7 Nxd7 18. f3 cxd4 19. exd4 Bd5 20. Bg3 Qa8
21. Na5 Bxb3 22. Nxb3 Qd5 23. Rxc8 Rxc8 24. Qxa6 Ra8 25. Qd3 Rxa4 26. Qc2 Ra8
27. Rc1 Nb6 28. Bf2 h5 29. Nc5 Ra2 30. Qd2 Bxc5 31. Rxc5 Qb3 32. h4 Qxb2 33.
Qxb2 Rxb2 34. d5 Rb1+ 35. Kh2 Nxd5 36. Rb5 b3 37. Bd4 f6 38. Kg3 Kf7 39. f4
Kg6 40. Rb7 Kf5 41. Rxg7 Rd1 42. Bb2 Rd3+ 43. Kh2 Rd2 44. Ba3 Ra2 45. Bc1 b2
{#R} 0-1

[Event "18th Hampstead U2200 Congress"]
[Site "London, England"]
[Date "2014.06.22"]
[Round "5"]
[White "Jyothilal, N."]
[Black "Kalavannan, Koby"]
[Result "1-0"]
[WhiteElo "2048"]
[BlackElo "1946"]

1. d4 Nf6 2. c4 g6 3. Nc3 Bg7 4. e4 d6 5. f4 O-O 6. Nf3 c5 7. d5 e6 8. Be2
exd5 9. cxd5 Re8 10. Nd2 a6 11. a4 Nbd7 12. O-O Kh8 13. Bf3 Ng8 14. Nc4 Qc7
15. e5 dxe5 16. d6 Qd8 17. a5 exf4 18. Nd5 Rb8 19. Nc7 Rf8 20. Bxf4 b5 21.
axb6 Nxb6 22. Na5 Bd7 23. Nxa6 Rc8 24. Nc7 Rb8 25. Kh1 Bxb2 26. Rb1 Na4 27.
Bc6 Nc3 28. Be5+ f6 29. Bxc3 Bxc3 30. Rxb8 Qxb8 31. Bxd7 Bxa5 32. Ne6 Rf7 33.
Nxc5 Bb4 34. Qb3 Qxd6 35. Qxf7 Bxc5 36. Be6 Qf8 37. Qd7 Qg7 38. Qc8 Qf8 39.
Qxf8 Bxf8 40. Bxg8 Kxg8 41. Rxf6 Kg7 42. Ra6 g5 43. Kg1 h6 44. Kf2 Be7 45. Kf3
Bf6 46. Ke4 Kg6 47. g4 Kg7 48. Kf5 Be7 49. Rg6+ Kh7 50. Re6 Bf8 51. h3 Kg7 52.
Rb6 Kf7 53. Rb7+ Be7 54. Ra7 Kf8 55. Kg6 Bc5 56. Rb7 Be3 57. Kxh6 Bf4 58. Kg6
Ke8 59. Rh7 Kf8 60. h4 gxh4 61. Rf7+ {#r} 1-0

[Event "18th Hampstead U2200 Congress"]
[Site "London, England"]
[Date "2014.06.22"]
[Round "5"]
[White "Kovacs, Zoltan"]
[Black "Landau, Jonathan"]
[Result "0-1"]
[WhiteElo "2042"]
[BlackElo "1937"]

1. e4 e5 2. f4 Nc6 3. Nf3 f5 4. Bb5 fxe4 5. Bxc6 bxc6 6. Nxe5 Qh4+ 7. g3 Qh3
8. Qe2 d5 9. Nxc6 Nf6 10. Ne5 Rb8 11. Nc3 Bd6 12. d3 Ba6 13. Nf3 h6 14. Bd2
Rxb2 15. Nxd5 Nxd5 16. Qxe4+ Ne7 17. Qa4+ Bb5 18. Qxa7 Bc6 19. Rf1 O-O 20. Qd4
Rxc2 21. Bc3 Rf7 22. Nd2 Nf5 23. Qc4 Bg2 24. Rf2 Ne3 25. Qd4 Nf5 26. Qc4 Qxh2
27. Nf1 Qh1 28. Rxc2 Qxf1+ 29. Kd2 Qf2+ 30. Kc1 Ba3+ 31. Rb2 Ne3 32. Qb3 Qf1+
33. Kd2 Qf2+ 34. Kc1 Bxb2+ 35. Qxb2 Qf1+ 36. Kd2 Qf2+ 37. Kc1 Qg1+ 38. Kd2
Nf1+ 39. Kc2 c5 40. Re1 Rb7 41. Qa3 Qf2+ 42. Kc1 Ne3 43. Qa4 Kh7 44. Bd2 Nd5
45. Qc2 Nb4 46. Qb1 Qd4 47. Re3 Bd5 48. Kd1 Nxa2 49. Qc2 Bb3 {#R} 0-1

[Event "18th Hampstead U2200 Congress"]
[Site "London, England"]
[Date "2014.06.22"]
[Round "5"]
[White "Huang, Dion"]
[Black "Sagues, Vincent"]
[Result "1/2-1/2"]
[WhiteElo "1744"]
[BlackElo "1896"]

1. d4 Nf6 2. Bg5 e6 3. e3 Be7 4. Nd2 d5 5. Ngf3 Nbd7 6. c4 c6 7. Rc1 O-O 8.
Bd3 dxc4 9. Bxc4 c5 10. dxc5 Nxc5 11. O-O a6 12. Be2 b5 13. Bxf6 gxf6 14. Nd4
Bb7 15. Bf3 Bxf3 16. N2xf3 Rc8 17. Qe2 Kh8 18. Rfd1 Qb6 19. Rc2 Ne4 20. Rdc1
Qb7 21. h3 Rfd8 22. Nc6 Re8 23. Nxe7 Rxc2 24. Qxc2 Rxe7 25. Nd4 Nd6 {(=)} 26.
Qc6 Rd7 27. Qxb7 Nxb7 28. Rc6 {#d} 1/2-1/2

[Event "18th Hampstead U2200 Congress"]
[Site "London, England"]
[Date "2014.06.22"]
[Round "5"]
[White "Barasi, Paul"]
[Black "Anilkumar, Anantha P"]
[Result "1-0"]
[WhiteElo "1867"]
[BlackElo "1746"]

1. d4 Nf6 2. Bg5 Ne4 3. h4 g6 4. Nd2 d5 5. Nxe4 dxe4 6. Qd2 Bg7 7. O-O-O Qd5
8. b3 Nc6 9. a3 O-O 10. c4 Qd7 11. f3 exf3 12. gxf3 e5 13. d5 Nb8 14. e4 Qd6
15. h5 f6 16. Be3 f5 17. c5 Qf6 18. Bg5 Qf7 19. Bc4 b5 20. Bxb5 Ba6 21. Ba4 f4
22. b4 h6 23. hxg6 Qxg6 24. Be7 Rc8 25. Bb3 Kh7 26. Nh3 Bf6 27. Rdg1 Qf7 28.
d6 Bc4 29. Bxf6 {#r} 1-0

[Event "18th Hampstead U2200 Congress"]
[Site "London, England"]
[Date "2014.06.22"]
[Round "5"]
[White "Grieve, Harry"]
[Black "Millward, David J"]
[Result "1/2-1/2"]
[WhiteElo "1726"]
[BlackElo "1866"]

1. e4 d5 2. exd5 Qxd5 3. Nf3 Nf6 4. d4 Bg4 5. Be2 c6 6. c4 Qd8 7. Nc3 e6 8.
O-O Be7 9. h3 Bh5 10. Bf4 Nbd7 11. Qd2 O-O 12. Rfd1 Nb6 13. Rac1 Bb4 14. Qe3
Re8 15. Bd3 Bg6 16. Ne4 Nxe4 17. Bxe4 Bxe4 18. Qxe4 Nd7 19. g4 Nf6 20. Qe5 Qa5
21. a3 Nd7 22. Qxa5 Bxa5 23. d5 exd5 24. cxd5 Nf6 25. d6 Nd5 26. Bg3 Red8 27.
Nd4 a6 28. Nf5 Rd7 29. Ne3 {#d} 1/2-1/2

[Event "18th Hampstead U2200 Congress"]
[Site "London, England"]
[Date "2014.06.22"]
[Round "5"]
[White "Ngulube, Michael"]
[Black "Pein, Jonathan"]
[Result "0-1"]
[WhiteElo "1690"]
[BlackElo "1788"]

1. d4 Nf6 2. c4 g6 3. Nc3 Bg7 4. e4 O-O 5. Nf3 d6 6. Be2 e5 7. O-O exd4 8.
Nxd4 Re8 9. f3 Nh5 10. Be3 f5 11. f4 Nf6 12. e5 dxe5 13. fxe5 Nfd7 14. e6 Nc5
15. Nxf5 Qxd1 16. Raxd1 gxf5 17. Bxc5 Bxe6 18. Bh5 Rc8 19. Nd5 Bxd5 20. Rxd5
Nc6 21. b3 b6 22. Rdxf5 bxc5 23. Bf7+ Kh8 24. Bd5 Ne7 25. Bxa8 Nxf5 {#R} 0-1